000 00252nam a2200097Ia 4500
008 240331s9999 xx 000 0 und d
082 _bDEL
100 _aDe Lanerolle, N
245 2 _aA reign of ten kings :
_bSri Lanka-the world 500 BC - 1200AD
942 _cL
999 _c3541
_d3541